Statistics for World's Biggest Football Derby's and Rivalries

Click here to take the quiz!

General Stats

  • This quiz has been taken 93 times
  • The average score is 38 of 132

Answer Stats

HintAnswer% Correct
| EnglandLiverpool
89%
EnglandManchester United
87%
| SpainReal Madrid
85%
Everton
84%
SpainFC Barcelona
82%
EnglandArsenal
80%
ScotlandCeltic
80%
Glasgow Rangers
80%
Manchester City
77%
PortugalBenfica
76%
Tottenham Hotspur
76%
ItalyAC Milan
76%
Inter Milan
75%
NetherlandsAjax
75%
Sporting Lisbon
73%
Bayern Munich
73%
| GermanyBorussia Dortmund
71%
Atletico Madrid
68%
ItalyJuventus
68%
ItalyAS Roma
59%
Feyenoord
58%
FranceParis Saint Germain
57%
GermanySchalke 04
54%
Lazio Roma
52%
Galatasaray
51%
Espanyol
49%
ArgentinaBoca Juniors
49%
Torino
48%
River Plate
48%
Marseille
44%
SerbiaRed Star Belgrade
43%
RussiaCSKA Moscow
43%
SpainSevilla
41%
Spartak Moscow
39%
Panathinaikos
37%
TurkeyFenerbahce
35%
EnglandNewcastle United
34%
GreeceOlympiakos
34%
Sunderland
32%
| BrazilFlamengo
32%
Merseyside derby
32%
United StatesLa Galaxy
30%
Real Betis
30%
The Old Firm
30%
Partizan Belgrade
29%
RomaniaSteaua București
28%
Corinthians
27%
North London Derby
27%
PolandLegia Warsaw
24%
GermanyHamburger SV
24%
Fluminense
24%
BrazilSão Paulo FC
24%
El Clásico
23%
Rapid Wien
23%
The Manchester Derby
23%
EgyptAl-Ahly
22%
El Derbi Madrileño
20%
Orlando Pirates
16%
AustriaAustria Wien
16%
Peñarol
16%
South AfricaKaizer Chiefs
16%
BrazilGremio
15%
MexicoAmérica
15%
ArgentinaIndependiente
15%
BrazilPalmeiras
14%
BrazilVasco da Gama
14%
Dinamo București
14%
South KoreaFC Seoul
13%
UruguayNacional
13%
Saudi ArabiaAl-Hilal
11%
FC Groningen
11%
TunisiaES Tunis
11%
NetherlandsSC Heerenveen
10%
Racing Club
10%
NetherlandsVitesse
10%
Derby de Lisboa
10%
St. Pauli
10%
Eternal derby
10%
Revierderby
10%
Tyne–Wear derby
9%
Guadalajara
9%
Derbi Sevillano
9%
Internacional
9%
Zamalek SC
8%
Al-Ittihad
8%
Le Classique
6%
Der Klassiker
6%
De Klassieker
6%
Derby della Madonnina
5%
Derby van het Noorden
5%
North-West Derby
5%
NEC
5%
Polonia Warsaw
4%
Warsaw derby
4%
Wiener Derby
4%
Eternal derby
4%
Gelderse Derby
4%
Kıtalararası Derbi
4%
Soweto derby
3%
Hamburg derby
3%
Club Africain
3%
Tunis derby
3%
Suwon Samsung Bluewings
3%
Cairo derby
3%
United StatesHouston Dynamo
3%
Texas Derby
3%
Fla-Flu
3%
FC Dallas
3%
El Súper Clásico
1%
Superclásico
1%
San Jose Earthquakes
1%
Super Match
0%
Main Moscow derby
0%
Clássico Majestoso
0%
Derby of the Eternal Adversaries
0%
Derby della Capitale
0%
Derby della Mole
0%
California Clásico
0%
Clássico dos Milhões
0%
Derby Paulista
0%
Grenal
0%
Derbi Barceloní
0%
Saudi El Clasico
0%
Uruguayan Clásico
0%
Avellaneda derby
0%

Score Distribution

Percentile by Number Answered

Percent of People with Each Score

Your Score History

You have not taken this quiz